| 000 | 00401nam a2200157 a 4500 | ||
|---|---|---|---|
| 005 | 20140310183208.0 | ||
| 008 | 030207s19uu xx 00 eng d | ||
| 050 |
_aPZ 7 _b.R266 1998 |
||
| 100 | _aRayE, Kimberly | ||
| 245 |
_aGetting lucky / _cKimberly Raye. |
||
| 260 |
_aAustralia : _bSilhouette, _c1998. |
||
| 300 |
_a224 p. : _c18 cm. |
||
| 650 | _aFiction | ||
| 942 |
_cBK _2lcc |
||
| 999 |
_c20050 _d20050 |
||